[Event "Russia-China Match 2019"]
[Site "Moscow"]
[Date "2019.11.29"]
[Round "4.4"]
[White "Xu, Yinglun"]
[Black "Sarana, Alexey"]
[Result "1-0"]
[WhiteElo "2554"]
[BlackElo "2664"]
[Annotator "RC"]
[PlyCount "93"]
[EventDate "2019.11.26"]
[EventType "schev"]
[EventCountry "RUS"]
[SourceTitle "playchess.com"]
[Source "ChessBase"]
[SourceQuality "1"]
[TimeControl "40/5400+30:1800+30"]

1. d4 {[%emt 0:00:00]} Nf6 {[%emt 0:00:00]} 2. c4 {[%emt 0:00:00]} e6 {[%emt 0:00:00]} 3. Nf3 {[%emt 0:00:00]} d5 {[%emt 0:00:00]} 4. Nc3 {[%emt 0:00:00]} Bb4 {[%emt 0:00:00]} 5. Qb3 {[%emt 0:00:01]} c5 {[%emt 0:00:12]} 6. dxc5 {[%emt 0:00:18]} Nc6 {[%emt 0:00:06]} 7. Bg5 {[%emt 0:00:35]} Qa5 {[%emt 0:00:06]} 8. Bxf6 {[%emt 0:00:07]} dxc4 {[%emt 0:00:04]} 9. Qxc4 {[%emt 0:00:04]} gxf6 {[%emt 0:00:07]} 10. Rc1 {[%emt 0:00:19]} Qxc5 {[%emt 0:00:07]} 11. Qh4 {[%emt 0:00:55]} Ke7 {[%emt 0:00:19]} 12. g3 {[%emt 0:00:45]} Bxc3+ {[%emt 0:00:54]} 13. Rxc3 {[%emt 0:00:27]} Qb6 {[%emt 0:15:04]} 14. Nd2 {[%emt 0:00:07]} Qxb2 {[%emt 0:11:38]} 15. Ne4 {[%emt 0:00:07]} Qb1+ {[%emt 0:01:08]} 16. Kd2 {[%emt 0:00:16]} Rd8+ {[%emt 0:00:07]} 17. Ke3 {[%emt 0:00:11]} Qb6+ {[%emt 0:00:16]} 18. Kf3 {[%emt 0:00:06]} Nd4+ {[%emt 0:14:18]} 19. Kg2 {[%emt 0:00:06]} e5 {[%emt 0:00:06]} 20. Rc5 {[%emt 0:00:05]} Qe6 {[%emt 0:02:31]} 21. e3 {[%emt 0:09:39]} Nf5 {[%emt 0:01:52]} 22. Qxh7 {[%emt 0:05:05]} b6 {[%emt 0:18:14]} 23. Bc4 {[%emt 0:20:08]} bxc5 {[%emt 0:01:23]} 24. Bxe6 {[%emt 0:00:08]} Bxe6 {[%emt 0:00:04]} 25. Rb1 {[%emt 0:00:31]} Nd6 {[%emt 0:01:05]} 26. Nxd6 {[%emt 0:16:13]} Rxd6 {[%emt 0:02:28]} 27. Rb7+ {[%emt 0:06:17]} Rd7 {[%emt 0:00:46]} 28. Rxd7+ {[%emt 0:00:56]} Bxd7 {[%emt 0:00:03]} 29. Qd3 {[%emt 0:01:35]} Rc8 {[%emt 0:00:25]} 30. f4 {[%emt 0:00:53]} c4 {[%emt 0:03:57]} 31. Qc3 {[%emt 0:02:19]} Kf8 {[%emt 0:02:23]} 32. Kf2 {[%emt 0:01:35]} Kg8 {[%emt 0:01:46]} 33. e4 {[%emt 0:01:31]} exf4 {[%emt 0:05:17]} 34. gxf4 {[%emt 0:00:20]} f5 {[%emt 0:00:12]} 35. exf5 {[%emt 0:09:56]} Bxf5 {[%emt 0:00:27]} 36. h4 {[%emt 0:00:29]} Bd3 {[%emt 0:08:39]} 37. h5 {[%emt 0:01:36]} Rc6 {[%emt 0:01:40]} 38. a4 {[%emt 0:05:44]} a6 {[%emt 0:04:32]} 39. Kg3 {[%emt 0:02:02]} Be2 {[%emt 0:01:32]} 40. Qe5 {[%emt 0:00:00]} Re6 {[%emt 0:00:00]} 41. Qg5+ {[%emt 0:07:04]} Kh7 {[%emt 0:00:27]} 42. f5 {[%emt 0:01:09]} Re4 {[%emt 0:01:43]} 43. Kf2 {[%emt 0:00:48]} Bd1 {[%emt 0:05:11]} 44. f6 {[%emt 0:01:12]} Rg4 {[%emt 0:00:08]} 45. Qd5 {[%emt 0:00:13]} Rf4+ {[%emt 0:00:55]} 46. Ke1 {[%emt 0:01:41]} Rxf6 {[%emt 0:01:24]} 47. Kxd1 {[%emt 0:00:06]} 1-0

[Event "Russia-China Match 2019"]
[Site "Moscow"]
[Date "2019.11.29"]
[Round "4.5"]
[White "Chigaev, Maksim"]
[Black "Wen, Yang"]
[Result "1/2-1/2"]
[WhiteElo "2623"]
[BlackElo "2586"]
[Annotator "TA"]
[PlyCount "82"]
[EventDate "2019.11.26"]
[EventType "schev"]
[EventCountry "RUS"]
[SourceTitle "playchess.com"]
[Source "ChessBase"]
[SourceQuality "1"]

{[%evp 9,82,5,14,14,14,-11,11,0,22,17,18,20,22,14,24,17,37,38,43,39,37,39,33,52,56,56,56,56,92,69,69,59,64,64,79,66,69,50,41,54,112,98,85,30,47,56,61,59,66,71,59,0,50,50,50,50,50,50,56,56,56,50,53,59,51,39,50,46,54,61,61,0,61,0,435]} 1. e4 e5 2. Nf3 Nc6 3. Bb5 a6 4. Ba4 Nf6 5. Nc3 Bd6 (5... b5 $5 6. Bb3 $8 Bc5 $11) (5... Be7 6. Bxc6 dxc6 7. a3 O-O 8. d3 Nd7 9. h4 Bf6 10. g4 g6 11. Be3 Qe7 12. Ng5 Bg7 13. Qd2 {0-1 (61) Motylev,A (2668)-Inarkiev,E (2682) Izhevsk 2019}) 6. d3 {C77: Ruy Lopez: 3...a6 4 Ba4 Nf6, unusual lines} O-O 7. a3 b5 8. Bb3 Bb7 9. Be3 Be7 10. O-O d6 $146 ({Predecessor:} 10... h6 11. Qd2 Ng4 12. h3 Nxe3 13. Qxe3 Na5 14. Ba2 {0-1 (47) Puigserver,P-Alluch Abdellach,N Palma de Mallorca 2000}) 11. h3 Qd7 12. Re1 Rae8 13. Nd5 Nxd5 14. Bxd5 Nd8 15. Bxb7 Nxb7 16. b4 f5 17. c4 Nd8 18. a4 Ne6 19. cxb5 f4 20. Bd2 axb5 21. a5 Ra8 22. Qb3 Kh8 23. Qd5 {Hoping for Nxe5!} Bf6 24. Rac1 Ra6 (24... Rfc8 $14) 25. Qb7 $16 Rfa8 {[#]} 26. Rc2 ({White should try} 26. d4 $1 $16) 26... R8a7 27. Qd5 c6 28. Qb3 g5 29. Bc3 Qf7 30. g4 (30. Bb2 $14) 30... Nd4 31. Nxd4 exd4 32. Qxf7 Rxf7 33. Bd2 Be5 34. Rec1 Rc7 35. Kg2 Kg7 36. h4 h6 $1 37. Rh1 Kg6 38. Kf3 Rc8 39. Ke2 Rf8 40. Kf3 Rc8 $1 41. Ke2 (41. Ra2 $14) 41... Kh7 $2 {[%mdl 40960] Accuracy: White = 58%, Black = 53%. . An unexpected result.} (41... Rf8 $1 $11) 1/2-1/2

[Event "Russia-China Match 2019"]
[Site "Moscow"]
[Date "2019.11.30"]
[Round "5.1"]
[White "Lu, Shanglei"]
[Black "Predke, Alexandr"]
[Result "1/2-1/2"]
[WhiteElo "2611"]
[BlackElo "2676"]
[Annotator "TA"]
[PlyCount "77"]
[EventDate "2019.11.26"]
[EventType "schev"]
[EventCountry "RUS"]
[SourceTitle "playchess.com"]
[Source "ChessBase"]
[SourceQuality "1"]

{[%evp 17,77,51,37,0,0,-7,52,10,5,0,0,0,31,0,7,0,0,0,0,-11,0,-23,-9,0,0,-14,0,-16,21,11,22,29,18,2,75,77,67,61,66,71,84,70,69,22,26,34,25,25,22,29,79,60,118,14,26,9,19,2,22,10,2,4]} 1. e4 e5 2. Nf3 Nc6 3. Bb5 a6 4. Ba4 Nf6 5. O-O b5 6. Bb3 Bc5 7. c3 d6 8. a4 {[%cal Ba2a4,Ba4a5][%mdl 32]} Rb8 9. d4 Bb6 10. a5 {C78: Ruy Lopez: Archangelsk and Möller Defences} Ba7 $1 11. Be3 (11. h3 O-O 12. Be3 exd4 13. cxd4 Nb4 14. Nc3 Bb7 15. Re1 c5 16. Bg5 h6 17. Bh4 c4 {1-0 (74) Jakovenko,D (2681)-Jones,G (2688) Khanty-Mansiysk 2019}) 11... Ra8 (11... Bg4 $11) 12. h3 {White is slightly better.} O-O 13. Re1 $146 ({Predecessor:} 13. Nbd2 h6 {½-½ (31) Matanovic,L (2251)-Vidarte Morales,A (2380) Sant Adria de Besos 2018}) 13... h6 14. Nbd2 Re8 15. Bc2 Bb7 16. d5 Ne7 {[%cal Bc6e7,Be7g6,Bg6f4][%mdl 32]} 17. c4 c6 18. b3 Ng6 19. Bd3 cxd5 {[#] Threatens to win with ...bxc4.} 20. Bxa7 Rxa7 21. exd5 Nf4 22. Bf1 bxc4 23. bxc4 Bc8 24. Qa4 Bf5 25. Qa3 Qc7 (25... Rc7 $11 {keeps the balance.}) 26. Rac1 $16 Rd8 27. c5 {Strongly threatening cxd6.} N6xd5 28. cxd6 Qxd6 29. Qxd6 Rxd6 30. Rxe5 (30. Nc4 {looks sharper.} Rd8 31. Nfxe5 Ne7 32. Ne3 Be6 33. Red1) 30... Ne7 31. Ne4 Bxe4 32. Rxe4 Ne6 33. Ne5 Rd5 34. Rb1 {Hoping for Bc4.} Rc7 (34... Rxa5 $14 35. Bc4 Ng5 36. Nxf7 Nxf7 37. Rb8+ Kh7 38. Bxf7 Rc5) 35. Rbe1 ({Avoid the trap} 35. Bxa6 $2 Nc5 $19) (35. Rb8+ $16 Kh7 36. Nxf7) 35... Nd8 36. Rc4 Ra7 {The position is equal.} 37. Ra4 Nec6 38. Nxc6 Nxc6 39. g3 {Accuracy: White = 39%, Black = 37%.} 1/2-1/2

[Event "Russia-China Match 2019"]
[Site "Moscow"]
[Date "2019.11.30"]
[Round "5.2"]
[White "Fedoseev, Vladimir"]
[Black "Bai, Jinshi"]
[Result "1/2-1/2"]
[WhiteElo "2672"]
[BlackElo "2600"]
[Annotator "TA"]
[PlyCount "121"]
[EventDate "2019.11.26"]
[EventType "schev"]
[EventCountry "RUS"]
[SourceTitle "playchess.com"]
[Source "ChessBase"]
[SourceQuality "1"]

{[%evp 19,121,39,33,23,62,49,64,56,70,70,67,61,72,81,85,86,83,86,101,78,78,73,75,80,94,92,92,81,77,89,87,83,84,72,68,66,83,66,84,84,85,84,91,58,85,85,88,88,88,87,89,87,88,88,118,17,17,17,17,17,17,17,17,17,17,17,17,17,17,17,17,10,17,17,17,17,17,17,17,17,17,17,17,17,17,17,17,17,17,17,17,17,17,17,17,17,17,17,17,0,17,1,1,1]} 1. d4 d5 2. c4 c6 3. Nf3 Nf6 4. e3 g6 5. Nc3 Bg7 6. Be2 O-O 7. O-O dxc4 8. Bxc4 Bg4 9. h3 Bxf3 10. Qxf3 Nbd7 11. e4 {D94: Grünfeld: 4 Nf3 Bg7 5 e3} e5 (11... Nb6 12. Qd3 Nxc4 13. Qxc4 b5 14. Qxc6 Qxd4 15. Be3 Qe5 16. f4 Qe6 17. Qxe6 fxe6 18. e5 Nd5 19. Nxd5 exd5 {½-½ (62) Shankland,S (2705)-Safarli,E (2593) Khanty-Mansiysk 2019}) 12. d5 $1 cxd5 13. Nxd5 {White is slightly better.} Nb6 14. Bg5 $146 {[%cal Rd5f6]} ({Predecessor:} 14. Nxb6 Qxb6 15. b3 Qc6 16. Re1 b5 17. Bf1 Rfe8 18. Bg5 a6 {1-0 (45) Sarakauskas,G (2402)-Molofej,D (2062) Ascot 2014}) 14... Nbxd5 $1 15. Bxd5 h6 16. Bxf6 Bxf6 17. Bxb7 Rb8 18. Bd5 Rxb2 19. Rab1 Rb6 20. Rfc1 Kg7 21. Rxb6 axb6 22. Rc6 Be7 23. Qc3 Bd6 24. Qb2 Bc7 25. Qb5 Qe7 26. Qb3 Bd8 27. Qc3 Kh7 28. Rc8 Qf6 29. g3 h5 30. h4 Qe7 31. Qc6 Kg7 32. Kg2 g5 33. hxg5 Qxg5 {[#]} 34. Qd7 $1 Qe7 35. Rc7 Qxd7 36. Rxd7 h4 37. Bxf7 (37. f4 $16) 37... Rxf7 $11 {The position is equal.} 38. Rxd8 hxg3 39. Kxg3 $16 {[%mdl 4096] Endgame KR-KR} Ra7 40. Rd6 Kf7 41. Rd2 Kf6 42. Kg4 Rg7+ 43. Kf3 {[#] Rd6+ is the strong threat.} Ra7 44. Rb2 b5 {[%cal Bb6b5,Bb5b4][%mdl 32]} 45. Rc2 b4 46. Rb2 Kg5 47. Kg3 Kf6 48. Kg4 Rg7+ 49. Kf3 Ra7 50. Rxb4 {Black must now prevent a4.} Rxa2 51. Rb6+ Ke7 52. Kg3 Ra8 53. f3 Rg8+ 54. Kh4 Rg1 55. Rh6 Kf7 56. Rh5 Kf6 57. Rf5+ Ke6 58. Kh5 Rg3 59. Kh4 Rg1 60. Rg5 Rh1+ 61. Kg4 {Accuracy: White = 80%, Black = 76%.} 1/2-1/2

[Event "Russia-China Match 2019"]
[Site "Moscow"]
[Date "2019.11.30"]
[Round "5.3"]
[White "Sarana, Alexey"]
[Black "Xu, Xiangyu"]
[Result "1-0"]
[WhiteElo "2664"]
[BlackElo "2583"]
[Annotator "TA"]
[PlyCount "87"]
[EventDate "2019.11.26"]
[EventType "schev"]
[EventCountry "RUS"]
[SourceTitle "playchess.com"]
[Source "ChessBase"]
[SourceQuality "1"]

{[%evp 11,87,29,25,28,27,9,11,6,0,13,16,23,16,18,23,18,16,26,64,29,40,50,36,0,154,164,158,133,139,110,114,106,110,120,116,113,114,112,103,100,209,217,351,329,345,183,175,156,146,186,199,64,62,47,179,0,39,0,0,0,39,44,106,99,97,86,109,103,109,109,105,104,100,41,239,238,231,231]} 1. d4 d5 2. Nf3 Nf6 3. c4 dxc4 4. e3 e6 5. Bxc4 c5 6. O-O Nc6 7. Nc3 {D26: Queen's Gambit Accepted: 4 e3 e6 5 Bxc5 c5 sidelines} a6 8. d5 Na5 9. b3 {The position is equal.} b5 $1 {[%cal Rb5c4]} 10. Bd3 $1 Nxd5 $146 ({Predecessor:} 10... exd5 11. e4 d4 12. e5 Nd5 13. Nxd5 Qxd5 14. Re1 Ra7 {1-0 (31) Gelfand,B (2673)-Inarkiev,E (2693) St Petersburg 2018}) 11. Nxd5 exd5 12. Bb2 Nc6 13. a4 b4 14. Qc2 Bg4 15. Rad1 Bxf3 16. gxf3 Bd6 17. f4 {[%mdl 1024] White has compensation.} Ne7 $2 ({Better is} 17... Qh4 $1 $11) 18. Kh1 $1 $16 (18. Bxg7 $2 Rg8 $19) (18. Bxh7 Qc8 $15) 18... f6 19. Rg1 ({Much weaker is} 19. Bxh7 $6 Qd7 $11) 19... Kf7 {[#]} 20. Bc4 $1 {[%mdl 512]} dxc4 21. Qxc4+ Kf8 22. Qe6 {White threatens Rxg7! and mate.} Qc8 23. Qxd6 Qb7+ 24. Rg2 {Hoping for Bxf6!} Kf7 25. Qxc5 Rhd8 (25... Qc6 $16 26. Qxc6 (26. Qxb4 Rab8 $14) 26... Nxc6) 26. Qh5+ $1 $18 Ke6 (26... g6 {was called for.} 27. Qxh7+ Ke6) 27. Qh3+ ({Less strong is} 27. Rxd8 Rxd8 28. Qg4+ Nf5 $14) 27... Kf7 {[%cal Rd8d1]} 28. Bd4 (28. Rdg1 $142) 28... Qe4 29. Rdg1 {Black must now prevent f3.} Rg8 30. Qh5+ Ke6 31. Qc5 (31. f3 $18 Qf5 32. Qh4) 31... Rgc8 $14 32. Qxb4 Nf5 (32... g6 $1 $14) 33. Qb6+ $2 (33. f3 $1 $18 {[%cal Rf3e4]} Qxf3 34. e4 $1 {[%mdl 512]}) 33... Kf7 (33... Rc6 $5 {[%cal Rc6b6]} 34. Qb7 Rac8 $14) 34. Qa5 {aiming for f3!} Rc2 35. h3 {Strongly threatening f3!} Rxf2 36. Qc7+ Kg8 (36... Ke8 $14 37. Kh2 Rxg2+ 38. Rxg2 Qe6) 37. Kh2 $1 $16 Rxg2+ 38. Rxg2 {Bxf6 is the strong threat.} Qe6 39. e4 {[%mdl 64] Deflection} Qxe4 40. Bxf6 $1 {[%cal Rg2g7] Intending Rxg7+ and mate.} g6 41. Be5 $40 {[%mdl 128] Black is in trouble.} Re8 {[#]} 42. Rd2 (42. a5 $1 $16) 42... g5 $2 {[#]} (42... Qb4 $14 43. Rd8 Rxd8 44. Qxd8+ Kf7) 43. Rg2 $1 $18 h6 {[#]} 44. Bf6 $1 {Accuracy: White = 57%, Black = 52%.} 1-0

[Event "Russia-China Match 2019"]
[Site "Moscow"]
[Date "2019.11.30"]
[Round "5.4"]
[White "Xu, Yinglun"]
[Black "Chigaev, Maksim"]
[Result "0-1"]
[WhiteElo "2554"]
[BlackElo "2623"]
[Annotator "TA"]
[PlyCount "84"]
[EventDate "2019.11.26"]
[EventType "schev"]
[EventCountry "RUS"]
[SourceTitle "playchess.com"]
[Source "ChessBase"]
[SourceQuality "1"]

{[%evp 12,108,7,9,6,0,15,13,6,4,36,3,16,0,-2,-10,-9,-14,-16,-23,-21,-18,-18,-18,-17,-18,0,0,0,0,0,0,0,-24,-15,-13,0,0,0,-13,-12,-22,-4,-11,-8,-26,-15,-35,-25,-28,-39,-100,-89,-89,-89,-131,-131,-131,-125,-228,-216,-221,-210,-245,-254,-251,-243,-279,-277,-314,-294,-285,-173,-326,-326,-322,-309,-402,-475,-464,-463,-402,-408,-299,-368,-727,-706,-636,-427,-1512,-1655,-4134,-3901,-29967,-29968,-29979,-29980,-29980,-29980]} 1. d4 Nf6 2. c4 g6 3. Nc3 d5 4. Nf3 Bg7 5. e3 O-O 6. Be2 c5 7. dxc5 {[%cal Rc4d5]} dxc4 {D94: Grünfeld: 4 Nf3 Bg7 5 e3} (7... Qa5 8. cxd5 Nxd5 9. Qxd5 Bxc3+ 10. Bd2 Rd8 11. Qxd8+ Qxd8 12. Bxc3 Nd7 13. Rd1 Qc7 14. O-O Nxc5 15. Be5 Qb6 16. Bd4 Qa5 17. Bc3 Qb6 18. Bd4 Qa5 19. Bc3 Qb6 20. Bd4 {½-½ (20) Tomashevsky,E (2706)-Gelfand,B (2764) Elancourt 2013}) 8. O-O Qc7 9. e4 Rd8 $146 {The position is equal.} ({Predecessor:} 9... Nbd7 10. Bxc4 Qxc5 11. Qe2 Nb6 12. Bb3 Bg4 13. h3 Bxf3 14. Qxf3 Nfd7 15. Be3 {0-1 (56) Stern,R (2501)-Rodshtein,M (2609) Rijeka 2010}) 10. Qa4 Qxc5 11. h3 Nc6 12. Be3 Qa5 13. Qxc4 Ne8 14. Qb5 Qxb5 15. Bxb5 Bd7 16. Bc5 Nd6 17. Bxd6 exd6 18. Rfd1 Bxc3 19. bxc3 Ne5 20. Nxe5 Bxb5 21. Rd5 Be2 22. Nd3 (22. Re1 {seems wilder.} dxe5 23. Rxe2 f6 24. c4 b6 25. Red2) 22... Bxd3 23. Rxd3 $11 {[%mdl 4096] Endgame KRR-KRR} Kf8 24. Rb1 b6 25. Rb4 Rac8 26. Rbd4 Ke7 27. f4 Rc6 28. e5 Rdc8 29. Ra4 R8c7 30. exd6+ Rxd6 31. Re3+ (31. Rxd6 $15 Kxd6 32. Kf2) 31... Re6 32. Rxe6+ Kxe6 $17 {KR-KR} 33. Kf2 a5 ({Reject} 33... Rxc3 $6 34. Rxa7 b5 35. Rb7 $11) 34. Ra3 Kd5 35. Ke3 {[#]} (35. Rb3 $17 {was necessary.}) 35... Rc4 $1 $19 36. Rb3 {[#]} Kc5 $1 37. Kd3 Rxf4 38. Rb2 h5 39. Re2 Rf5 40. Kc2 Rg5 41. a4 b5 42. h4 $2 (42. axb5 Kxb5 43. Kd3) 42... Rg3 {Played: Rg5-g4} 0-1

[Event "Russia-China Match 2019"]
[Site "Moscow"]
[Date "2019.11.30"]
[Round "5.5"]
[White "Wen, Yang"]
[Black "Esipenko, Andrey"]
[Result "1/2-1/2"]
[WhiteElo "2586"]
[BlackElo "2636"]
[Annotator "ChessBase"]
[PlyCount "78"]
[EventDate "2019.11.26"]
[EventType "schev"]
[EventCountry "RUS"]
[SourceTitle "playchess.com"]
[Source "ChessBase"]
[SourceQuality "1"]
[TimeControl "40/5400+30:1800+30"]

1. e4 {[%emt 0:00:00]} e5 {[%emt 0:00:00]} 2. Nf3 {[%emt 0:00:00]} Nc6 {[%emt 0:00:00]} 3. Bc4 {[%emt 0:00:26]} Bc5 {[%emt 0:00:00]} 4. c3 {[%emt 0:00:57]} Nf6 {[%emt 0:00:09]} 5. d4 {[%emt 0:00:12]} exd4 {[%emt 0:00:06]} 6. e5 {[%emt 0:00:03]} d5 {[%emt 0:00:08]} 7. Bb5 {[%emt 0:00:03]} Ne4 {[%emt 0:00:10]} 8. cxd4 {[%emt 0:00:05]} Bb6 {[%emt 0:00:13]} 9. Nc3 {[%emt 0:00:07]} Bg4 {[%emt 0:00:41]} 10. Be3 {[%emt 0:00:39]} O-O {[%emt 0:00:16]} 11. h3 {[%emt 0:00:19]} Bh5 {[%emt 0:00:06]} 12. Qc2 {[%emt 0:00:09]} Bg6 {[%emt 0:00:40]} 13. Qb3 {[%emt 0:00:25]} Ne7 {[%emt 0:00:08]} 14. O-O {[%emt 0:01:05]} c6 {[%emt 0:00:08]} 15. Bd3 {[%emt 0:00:07]} Nf5 {[%emt 0:00:14]} 16. Qc2 {[%emt 0:09:33]} Nxe3 {[%emt 0:00:47]} 17. fxe3 {[%emt 0:00:06]} Ng3 {[%emt 0:00:04]} 18. Bxg6 {[%emt 0:12:04]} hxg6 {[%emt 0:00:54]} 19. Rfe1 {[%emt 0:00:40]} Ba5 {[%emt 0:03:52]} 20. Rab1 {[%emt 0:02:50]} Qe7 {[%emt 0:02:23]} 21. a3 {[%emt 0:16:07]} Bxc3 {[%emt 0:07:21]} 22. Qxc3 {[%emt 0:13:44]} Ne4 {[%emt 0:02:41]} 23. Qd3 {[%emt 0:00:19]} c5 {[%emt 0:18:23]} 24. dxc5 {[%emt 0:05:19]} Nxc5 {[%emt 0:00:31]} 25. Qxd5 {[%emt 0:03:00]} Rad8 {[%emt 0:00:09]} 26. Qc4 {[%emt 0:00:10]} Nd3 {[%emt 0:00:05]} 27. Re2 {[%emt 0:00:30]} Nxe5 {[%emt 0:00:05]} 28. Nxe5 {[%emt 0:00:12]} Qxe5 {[%emt 0:00:05]} 29. Rf1 {[%emt 0:01:34]} Rd7 {[%emt 0:01:14]} 30. Qb3 {[%emt 0:00:42]} Re8 {[%emt 0:03:09]} 31. Rd1 {[%emt 0:13:07]} Red8 {[%emt 0:07:53]} 32. Rf1 {[%emt 0:00:37]} Rc8 {[%emt 0:02:14]} 33. Ref2 {[%emt 0:00:51]} Rcc7 {[%emt 0:00:20]} 34. Rf4 {[%emt 0:01:05]} a6 {[%emt 0:01:31]} 35. Kh1 {[%emt 0:02:25]} Qd5 {[%emt 0:03:37]} 36. Qa4 {[%emt 0:00:15]} Qc6 {[%emt 0:02:27]} 37. Qb3 {[%emt 0:02:20]} Qd5 {[%emt 0:14:45]} 38. Qa4 {[%emt 0:00:14]} Qc6 {[%emt 0:01:27]} 39. Qb3 {[%emt 0:00:08]} Qd5 {[%emt 0:00:41]} 1/2-1/2